Metódy zmierlivej komunikácie s rodičmi žiakov: rešpektujúca a nenásilná komunikácia

Zaobchádzať alebo hovoriť s niekým zmierlivo predstavuje snahu o zachovanie mieru, spolupráce, dobrých vzťahov. Často je tento pojem spájaný s metódou alternatívneho riešenia konfliktov - mediáciou. Príspevok popisuje tri spôsoby riešenia komunikácie, ktoré môžu napomôcť snahám pristupovať k druhým...

Ausführliche Beschreibung

Gespeichert in:
Bibliographische Detailangaben
1. Verfasser: Koreňová, Soňa
Format: Buchkapitel
Sprache:Slowakisch
Schlagworte:
Tags: Tag hinzufügen
Keine Tags, Fügen Sie das erste Tag hinzu!

MARC

LEADER 00000naa a2200000 4500
001 0300382
005 20240517145250.6
041 0 |a slo 
044 |a SK 
245 1 0 |a Metódy zmierlivej komunikácie s rodičmi žiakov: rešpektujúca a nenásilná komunikácia  |c Soňa Koreňová 
520 |a Zaobchádzať alebo hovoriť s niekým zmierlivo predstavuje snahu o zachovanie mieru, spolupráce, dobrých vzťahov. Často je tento pojem spájaný s metódou alternatívneho riešenia konfliktov - mediáciou. Príspevok popisuje tri spôsoby riešenia komunikácie, ktoré môžu napomôcť snahám pristupovať k druhým s rešpektom, ohľaduplnosťou a vnímavo. 
610 2 0 |a školy 
610 2 0 |a psychológia 
610 2 0 |a komunikácia 
610 2 0 |a mediácia 
610 2 0 |a pedagógovia 
610 2 0 |a rodičovstvo 
100 1 |a Koreňová, Soňa